Т. 94, № 9; Журнал физической химии

Bibliografiset tiedot
Parent link:Журнал физической химии/ Российская академия наук ; Отделение химии и наук о материалах РАН. Т. 94, № 9.— , 1931-
Kieli:venäjä
Julkaistu: 2020
Linkit:https://sciencejournals.ru/view-issue/?j=fizkhim&y=2020&v=94&n=9
https://www.elibrary.ru/contents.asp?id=43181810
Aineistotyyppi: Elektroninen Kirja
KOHA link:https://koha.lib.tpu.ru/cgi-bin/koha/opac-detail.pl?biblionumber=588374

MARC

LEADER 00000nam2a2200000 4500
001 588374
005 20231101131515.0
035 |a (RuTPU)RU\TPU\prd\291090 
035 |a RU\TPU\prd\291089 
090 |a 588374 
100 |a 20221219a19309999k y0rusy50 ca 
101 0 |a rus 
102 |a RU 
181 0 |a i  
182 0 |a b 
200 0 |a Т. 94, № 9  |b Электронный ресурс 
203 |a Текст  |c электронный 
210 |d 2020 
461 1 |0 (RuTPU)RU\TPU\prd\167  |t Журнал физической химии  |f Российская академия наук ; Отделение химии и наук о материалах РАН  |v Т. 94, № 9  |d 1931- 
801 0 |a RU  |b 63413507  |c 20010227  |g PSBO 
801 1 |a RU  |b 63413507  |c 20160309 
801 2 |a RU  |b 63413507  |c 20221219  |g RCR 
856 4 0 |u https://sciencejournals.ru/view-issue/?j=fizkhim&y=2020&v=94&n=9 
856 4 0 |u https://www.elibrary.ru/contents.asp?id=43181810 
942 |c BK